000 00689nam a2200217 i 4500
001 168617
003 ES-MaACL
005 20260610142459.0
008 080424s2006 sp |||| | spa d
020 _a84-85708-695
100 1 _aValéry, Paul,
_d1871-1945
_9243197
245 1 3 _aLe cimetière marin
_b= El cementerio marino /
_cPaul Valéry ; con la versión rítmica de Agustín García Calvo.
250 _a1ª ed.
260 _aZamora :
_bLucina,
_c2006.
300 _a59 p. ;
_c19 cm.
546 _aTexto en francés y español.
700 1 _aGarcía Calvo, Agustín,
_d1926-2012
_9233841
740 3 2 _aEl cementerio marino.
852 _aES-MaACL
_jL-29358
999 _c168617
_d168617